000
00305nam a2200121Ia 4500
008
191201s2009 xx 000 0 und d
100
_a
GHOSH, Biswanath
245
0
_a
Indian Business Environment MBA 2.24 DE SEM-2
260
_a
N. Delhi
_b
Vikas Pub
_c
2009
300
_a
348
650
_a
MBA
942
_2
ddc
_c
BK
999
_c
279
_d
279